مكتبة جامعة عجلون الوطنية

فهرس بحث المكتبة

Normal view MARC view
  • الهاشمي، عماد اكرم ...وآخرون

Entry Personal Name

Number of records used in: 1

001 - CONTROL NUMBER

  • control field: 38094

003 - CONTROL NUMBER IDENTIFIER

  • control field: JO-AjAnu

005 - DATE AND TIME OF LATEST TRANSACTION

  • control field: 20230606080339.0

008 - FIXED-LENGTH DATA ELEMENTS

  • fixed length control field: 230606|| aca||aabn | a|a d

040 ## - CATALOGING SOURCE

  • Original cataloging agency: JO-AjAnu
  • Transcribing agency: JO-AjAnu

100 ## - HEADING--PERSONAL NAME

  • Personal name: الهاشمي، عماد اكرم ...وآخرون

670 ## - SOURCE DATA FOUND

  • Source citation: Work cat.: (JO-AjAnu)19544: الهاشمي، عماد اكرم ...وآخرون, author, تخطيط المدن : تطبيقات في النمذجة الحضرية = Urban Planning : Applied Researches in Urban Modelling